000 00696nas a2200229 4500
001 BR9506791
003 BR-BrBNA
005 20231205094502.0
007 ta
008 230509b bl.|||p| |||| 00| 00por d
040 _aBR-BrBNA
_bpor
_cBiblioteca Nacional de Agricultura
041 _a(Pt)
072 _aC10
100 1 _aToscano Neto, J. da M.
245 1 _aA Estacao Experimental do Serido e o algodoeiro de fibra longa do nordeste brasileiro
650 _aAlgodao
650 _aEstacao Experimental
650 _aRegiao Nordeste
773 0 _tAgronomia (Brazil)
_x
_g(Set-Dez 1960), v. 18(5) p. 140-149
_wBR9506791
909 _a202311
_bLúcia
_c55
_dLúcia Elande
942 _2AGRIS
_n0
_cANA
999 _c144676
_d144676